Mozambique and Tanzania: (Record no. 6661)

000 -LEADER
fixed length control field 00465nam a22001337a 4500
008 - FIXED-LENGTH DATA ELEMENTS--GENERAL INFORMATION
fixed length control field 200323b ||||| |||| 00| 0 eng d
082 ## - DEWEY DECIMAL CLASSIFICATION NUMBER
Classification number 330.967 8 LAP
100 ## - MAIN ENTRY--PERSONAL NAME
Personal name Lappe, Frances Moore
245 ## - TITLE STATEMENT
Title Mozambique and Tanzania:
Remainder of title Asking the Big Questions/
Statement of responsibility, etc. Frances Moore Lappe.-
Medium English.
260 ## - PUBLICATION, DISTRIBUTION, ETC. (IMPRINT)
Place of publication, distribution, etc. San Francisco:
Name of publisher, distributor, etc. Institute for Food and Development Policy,
Date of publication, distribution, etc. 1975.
300 ## - PHYSICAL DESCRIPTION
Extent 126p;
Other physical details Ill;
Dimensions 22cm.-
650 ## - SUBJECT ADDED ENTRY--TOPICAL TERM
Source of heading or term ECONOMIC SITUATION - TANZANIA
942 ## - ADDED ENTRY ELEMENTS (KOHA)
Source of classification or shelving scheme
Koha item type BOOKS

No items available.

IRDP © 2019 :: Managed by IRDP ICT Unit